Šest dnů stvoření, aneb, Světlo světa Beriah /

Hlavní autor: Moučka, Ladislav
Jazyk: Čeština
Vydáno: Praha : Půdorys, 1997
Témata:
Fyzický popis: 123 s. : il. ; 31 cm
Knihy
Uloženo v:
LEADER 01555nam a2200445 a 4500
001 000248145
003 CZ BrMZK
005 20230629114020.0
008 960815s1997 xr e 0 cze d
015 |a cnb000286980 
020 |a 80-86018-07-5 
035 |a (OCoLC)38973412 
040 |a BOA001  |b cze 
072 7 |a 133  |x Ezoterismus. Okultismus  |2 Konspekt  |9 17 
080 |a 165.212  |2 MRF 
080 |a 141.331  |2 MRF 
080 |a 26-587  |2 MRF 
080 |a 2-172.2  |2 MRF 
080 |a 133:514.1  |2 MRF 
080 |a 133.5:51  |2 MRF 
080 |a 003.62:133  |2 MRF 
080 |a 133  |2 MRF 
080 |a (049)  |2 MRF 
100 1 |a Moučka, Ladislav  |7 kpwa6353  |4 aut  |4 ill 
245 1 0 |a Šest dnů stvoření, aneb, Světlo světa Beriah /  |c [text a ilustrace] Ladislav Moučka. 
246 3 3 |a Hledání dávno ztraceného člověka 
260 |a Praha :  |b Půdorys,  |c 1997 
300 |a 123 s. :  |b il. ;  |c 31 cm 
500 |a Čtvrtá kniha z cyklu Hledání dávno ztraceného člověka. - Bibliogr. 
650 0 7 |a symboly  |7 ph126351  |2 czenas 
650 0 7 |a hermetismus  |7 ph120689  |x symbolika  |2 czenas 
650 0 7 |a kabala  |7 ph114852  |2 czenas 
650 0 7 |a stvoření světa  |7 ph126171  |x esoterické pojetí  |2 czenas 
650 0 7 |a sakrální geometrie  |7 ph124417  |2 czenas 
650 0 7 |a aritmosofie  |7 ph118606  |2 czenas 
650 0 7 |a magické obrazce  |7 ph122539  |2 czenas 
655 7 |a pojednání  |7 fd133056  |2 czenas 
910 |a BOA001  |b Z-1038.571 
990 |a BK 
996 6 |b 2610060477  |c Z-1038.571  |l MZK  |r Sklad / do 24 hodin  |n 5  |p p.v.  |w 000248145  |u 000010  |a 1  |e BOA001  |j MZK50  |s P